000 00971nam a2200277 i 4500
001 bg
245 0 0 _aAkademia sieci Cisco CCNA :
_bsemestry 3 & 4 /
_cCisco Systems ; przekł. z ang. Paweł Bardziński [et al.].
246 _iTyt. oryg.:
_aCisco Networing Academy Program CCNA 3 and 4 companion guide
250 _aWyd. 3.
260 _aWarszawa :
_b"Mikom",
_c2004.
300 _a949 s. :
_bil. ;
_c24 cm +
_eCD-ROM.
500 _aTyt. oryg.: "Cisco Networing Academy Program CCNA 3 and 4 companion guide", 3rd ed.
650 9 _aSieć komputerowa
650 9 _aRuter
655 _aPodręczniki akademickie
700 1 _aBARDZIŃSKI, Paweł.
_eTł.
710 0 _aCisco Systems
020 _a8372794286
040 _cBPK
041 1 _apol
_heng
080 _a004.71/.73:004.77](075.8)
920 _a83-7279-428-6
942 _cKS
008 s pl f |000 0 pol
999 _c45511
_d45511
856 _uhttp://koha.tu.koszalin.pl/cgi-bin/koha/opac-detail.pl?biblionumber=45511
_yKatalog online BPK